00455nam a2200109 a 4500008004100000050001500041110005500056245016900111260003500280300002100315350000900336071002s2006 ||||||||||||||||| || u aUNIDIR(02) aUnited Nations Economic and Social Affairs (UNESA)10aInternational Assistance for implementating the Plan of Action to Prevent, Combat and Eradicate the illicit Trade in Small Arms and Light Weapons in All Its Aspects aNew YorkbUNITED NATIONSc2006 axiii, 70p. :ill. a0.00